Retailing Management : Text and Cases (Record no. 11468)
[ view plain ]
| 000 -LEADER | |
|---|---|
| fixed length control field | 00378nam a22001577a 4500 |
| 003 - CONTROL NUMBER IDENTIFIER | |
| control field | OSt |
| 008 - FIXED-LENGTH DATA ELEMENTS--GENERAL INFORMATION | |
| fixed length control field | 220823b ||||| |||| 00| 0 eng d |
| 020 ## - INTERNATIONAL STANDARD BOOK NUMBER | |
| International Standard Book Number | 9789390113323 |
| 082 ## - DEWEY DECIMAL CLASSIFICATION NUMBER | |
| Classification number | 658.87 PRR |
| 100 ## - MAIN ENTRY--PERSONAL NAME | |
| Personal name | PRADHAN,Swapna |
| 245 ## - TITLE STATEMENT | |
| Title | Retailing Management : Text and Cases |
| 250 ## - EDITION STATEMENT | |
| Edition statement | 6th |
| 260 ## - PUBLICATION, DISTRIBUTION, ETC. (IMPRINT) | |
| Place of publication, distribution, etc | New Delhi |
| Name of publisher, distributor, etc | McGraw Hill |
| Date of publication, distribution, etc | 2022 |
| 300 ## - PHYSICAL DESCRIPTION | |
| Extent | 555 |
| 942 ## - ADDED ENTRY ELEMENTS (KOHA) | |
| Source of classification or shelving scheme | Dewey Decimal Classification |
| Koha item type | Text Books |
| 942 ## - ADDED ENTRY ELEMENTS (KOHA) | |
| -- | 1 |
| Withdrawn status | Lost status | Source of classification or shelving scheme | Damaged status | Not for loan | Collection code | Home library | Current library | Date acquired | Source of acquisition | Currency | Cost, normal purchase price | Bill Number | Total Checkouts | Full call number | Acc. no. / Barcode | Date last seen | Actual Cost, discounted price | Bill Date | Koha item type | Date last borrowed |
|---|---|---|---|---|---|---|---|---|---|---|---|---|---|---|---|---|---|---|---|---|
| Dewey Decimal Classification | BBA | PIET C-LIBRARY | PIET C-LIBRARY | 22/08/2022 | Kirti Prakashan | Indian Rup | 935.00 | IN756 | 658.87 PRR | 33795 | 23/08/2022 | 635.80 | 20/08/2022 | Text Books | ||||||
| Dewey Decimal Classification | BBA | PIET C-LIBRARY | PIET C-LIBRARY | 22/08/2022 | Kirti Prakashan | Indian Rup | 935.00 | IN756 | 3 | 658.87 PRR | 33796 | 19/12/2025 | 635.80 | 20/08/2022 | Text Books | 08/08/2025 | ||||
| Dewey Decimal Classification | BBA | PIET C-LIBRARY | PIET C-LIBRARY | 22/08/2022 | Kirti Prakashan | Indian Rup | 935.00 | IN756 | 2 | 658.87 PRR | 33797 | 05/12/2023 | 635.80 | 20/08/2022 | Text Books | 22/11/2023 | ||||
| Dewey Decimal Classification | BBA | PIET C-LIBRARY | PIET C-LIBRARY | 29/08/2022 | Kirti Praskshan | IN Rupees | 935.00 | IN854 | 658.87 PRR | 33935 | 10/09/2022 | 635.80 | 29/08/2022 | Text Books | ||||||
| Dewey Decimal Classification | BBA | PIET C-LIBRARY | PIET C-LIBRARY | 29/08/2022 | Kirti Praskshan | IN Rupees | 935.00 | IN854 | 658.87 PRR | 33936 | 10/09/2022 | 635.80 | 29/08/2022 | Text Books |